000 00612nam a2200229Ia 4500
003 OSt
005 20220928102110.0
006 a|||||r|||| 00| 0
007 ta
008 220927b |||||||| |||| 00| 0 eng d
024 _a35567
037 _cTextual
040 _aSDCL
_cSDCL
_beng
041 _2eng
_aeng
082 _aT48, K8
100 _aKhandelwal Rameshwerlal
_9396585
245 0 _aShod
_b Tatev aur dreshti.
260 _aGujrat
_bSardar Patel University
_c1968
300 _a142p.
_ccm.
942 _hT48, K8
_cTEXL
_2CC
999 _c712333
_d712333